00775nam a2200241 a 450000500170000000800410001702000150005804000270007304100080010004400080010808200160011624500640013226000600019630000330025650000430028950400630033265000170039565000160041265000210042870000290044970000260047870000290050420200104041600.0160303t1989 -uk fr|||| 001 0 eng d a0942850203 aCO-BoIAVH cCO-BoIAVH 0 aeng aenk04a630.7bF23f00aFarmer first :bfarmer innovation and agricultural research aLondon :bIntermediate Technology Publications,cc1989. a219 páginas ;c23 x 15 cm. aIncluye índice: páginas 214 - 219. aIncluye referencias bibliográficas: páginas 200 - 213.16aAgricultores26aAgricultura26aAgroforestería1 aChambers, RoberteEditor1 aPacey, ArnoldeEditor1 aAnn Thrupp, LorieEditor